Física : (Registro nro. 386)

000 -CABECERA
Longitud fija campo de control 00538nam a22001937a 4500
003 - IDENTIFICADOR DELl NÚMERO DE CONTROL
Identificador del número de control OSt
005 - FECHA Y HORA DE LA ÚLTIMA TRANSACCIÓN
Fecha y hora de la última transacción 20150425094917.0
008 - CÓDIGOS DE INFORMACIÓN DE LONGITUD FIJA
Códigos de información de longitud fija 030206s2002 ck 000 0 spa d
020 ## - NÚMERO INTERNACIONAL NORMALIZADO PARA LIBROS
Número Internacional Normalizado para Libros (ISBN) 9688804576
040 ## - FUENTE DE LA CATALOGACIÓN
Centro transcriptor OSt
082 04 - NÚMERO DE LA CLASIFICACIÓN DECIMAL DEWEY
Número de clasificación Decimal 530
Número de documento (Cutter) F574
Número de edición DEWEY 21
100 1# - PUNTO DE ACCESO PRINCIPAL-NOMBRE DE PERSONA
Nombre de persona Fishbane, Paul M.
9 (RLIN) 2199
245 00 - TÍTULO PROPIAMENTE DICHO
Título Física :
Resto del título para ciencias e ingeniería /
Mención de responsabilidad, etc. Paul M. Fishbane; Stephen Gasiorowickz; Stephen T. Thornton
260 ## - PUBLICACIÓN, DISTRIBUCIÓN, ETC. (PIE DE IMPRENTA)
Lugar de publicación, distribución, etc. México :
Nombre del editor, distribuidor, etc. PEARSON,
Fecha de publicación, distribución, etc. 1994.
300 ## - DESCRIPCIÓN FÍSICA
Extensión 1421 p.
490 ## - MENCIÓN DE SERIE
Mención de serie II v.
650 04 - PUNTO DE ACCESO ADICIONAL DE MATERIA - TÉRMINO DE MATERIA
Fuente del encabezamiento o término LEMB
Subdivisión de materia general FÍSICA
9 (RLIN) 2200
942 ## - ENTRADA DE ELEMENTOS AGREGADOS (KOHA)
Fuente de clasificaión o esquema
Koha [por defecto] tipo de item Libro
Existencias
No para préstamo Signatura completa Restricciones de uso Forma de Material Localización actual Localización en estanterías Asignatura Fecha de Descarte Disponibilidad Tipo de Descarte Código de barras Fuente de clasificación o esquema Número de copia Localización permanente Fecha última consulta Mostrar en OPAC Fecha adquisición
NULL530 F574 1994NULLColección GeneralBiblioteca Central Fondo GeneralUSAP2013-04-17NULLNULL02353 Ej. 1Biblioteca Central 2013-04-17NULL2013-04-17
NULL530 F574 1994NULLColección GeneralBiblioteca Central Fondo GeneralUSAP2013-04-17NULLNULL02354 Ej. 2Biblioteca Central 2013-04-17NULL2013-04-17
NULL530 F574 1994NULLColección GeneralBiblioteca Central Fondo GeneralUSAP2013-04-17NULLNULL02355 Ej. 3Biblioteca Central 2013-04-17NULL2013-04-17
NULL530 F574 1994NULLColección GeneralBiblioteca Central Fondo GeneralUSAP2013-04-17NULLNULL02356 Ej. 4Biblioteca Central 2013-04-17NULL2013-04-17
NULL530 F574 1994NULLColección GeneralBiblioteca Central Fondo GeneralUSAP2013-04-17NULLNULL02357 Ej. 5Biblioteca Central 2013-04-17NULL2013-04-17
NULL530 F574 1994NULLColección GeneralBiblioteca Central Fondo GeneralUSAP2013-04-17NULLNULL02358 Ej. 6Biblioteca Central 2013-04-17NULL2013-04-17
NULL530 F574 1994NULLColección GeneralBiblioteca Central Fondo GeneralUSAP2013-04-17NULLNULL02359 Ej. 7Biblioteca Central 2013-04-17NULL2013-04-17
NULL530 F574 1994NULLColección GeneralBiblioteca Central Fondo GeneralUSAP2013-04-17NULLNULL02360 Ej. 8Biblioteca Central 2013-04-17NULL2013-04-17
NULL530 F574 1994NULLColección GeneralBiblioteca Central Fondo GeneralUSAP2013-04-17NULLNULL02361 Ej. 9Biblioteca Central 2013-04-17NULL2013-04-17
NULL530 F574 1994NULLColección GeneralBiblioteca Central Fondo GeneralUSAP2013-04-17NULLNULL02362 Ej. 10Biblioteca Central 2013-04-17NULL2013-04-17

Campus Universitario - Ave. Circunvalación - San Pedro Sula, Honduras, C.A. / Tel: +504 2561.8777 / Fax: +504 2561.8787 / Email: info@usap.edu
Todos los Derechos Reservados. © MMXIII Universidad de San Pedro Sula